Electric machines (Record no. 12339)

000 -LEADER
fixed length control field 00400nam a2200157 4500
020 ## - INTERNATIONAL STANDARD BOOK NUMBER
International Standard Book Number 97881131507810
082 ## - DEWEY DECIMAL CLASSIFICATION NUMBER
Classification number 621.31042 SAR
100 ## - MAIN ENTRY--PERSONAL NAME
Personal name Sarma, Mulukutla S.
245 ## - TITLE STATEMENT
Title Electric machines
260 ## - PUBLICATION, DISTRIBUTION, ETC.
Place of publication, distribution, etc. New Delhi, India
Name of publisher, distributor, etc. Cengage Learning
Date of publication, distribution, etc. 2009
300 ## - PHYSICAL DESCRIPTION
Extent xxiii, 694 p.
Other physical details ill. ;
500 ## - GENERAL NOTE
General note Includes index.
650 ## - SUBJECT ADDED ENTRY--TOPICAL TERM
Topical term or geographic name entry element Electric machinery.
700 ## - ADDED ENTRY--PERSONAL NAME
Personal name Pathak, Mukesh K.
942 ## - ADDED ENTRY ELEMENTS (KOHA)
Koha item type Book
Holdings
Withdrawn status Lost status Damaged status Not for loan Collection code Permanent Location Current Location Shelving location Date acquired Source of acquisition Cost, normal purchase price Total Checkouts Full call number Barcode Date last seen Date last checked out Price effective from Koha item type
          Central Library (CL) Central Library (CL) General Stacks 12/27/2013 Saeed Book Bank 680.16 4 621.31042 SAR SEECS012725 02/03/2016 12/22/2015 12/26/2013 Book
© 2023 Central Library, National University of Sciences and Technology. All Rights Reserved.